LEADER 01481aam 2200433I 450 001 9910711211503321 005 20151113033705.0 024 8 $aGOVPUB-C13-106d82a1dbf77efdb50d2f42683af322 035 $a(CKB)5470000002481910 035 $a(OCoLC)929067301 035 $a(EXLCZ)995470000002481910 100 $a20151113d1990 ua 0 101 0 $aeng 181 $2rdacontent 182 $2rdamedia 183 $2rdacarrier 200 10$aMeasurement and evaluation of a TEM /$fM. L. Crawford, Mark T. Ma, John M. Ladbury, Bill F. Riddle 210 1$aGaithersburg, MD :$cU.S. Dept. of Commerce, National Institute of Standards and Technology,$d1990. 215 $a1 online resource 225 1 $aNIST technical note ;$v1342 300 $a1990. 300 $aContributed record: Metadata reviewed, not verified. Some fields updated by batch processes. 300 $aTitle from PDF title page. 320 $aIncludes bibliographical references. 606 $aReverberation chambers 615 0$aReverberation chambers. 700 $aCrawford$b M. L$01389843 701 $aCrawford$b M. L$01389843 701 $aLadbury$b John M$01390341 701 $aMa$b Mark T$01390795 701 $aRiddle$b Bill$01401500 712 02$aUnited States.$bNational Bureau of Standards. 801 0$bNBS 801 1$bNBS 801 2$bGPO 906 $aBOOK 912 $a9910711211503321 996 $aMeasurement and evaluation of a TEM$93537996 997 $aUNINA LEADER 02830nam 2200613Ia 450 001 9910782265903321 005 20230422045356.0 010 $a1-281-81429-6 010 $a9786611814298 010 $a0-567-29846-9 035 $a(CKB)1000000000542248 035 $a(EBL)436340 035 $a(OCoLC)276360597 035 $a(SSID)ssj0000168760 035 $a(PQKBManifestationID)12047182 035 $a(PQKBTitleCode)TC0000168760 035 $a(PQKBWorkID)10192853 035 $a(PQKB)10773127 035 $a(MiAaPQ)EBC436340 035 $a(Au-PeEL)EBL436340 035 $a(CaPaEBR)ebr10250957 035 $a(CaONFJC)MIL181429 035 $a(OCoLC)893334103 035 $a(EXLCZ)991000000000542248 100 $a19990125d1999 uy 0 101 0 $aeng 135 $aur|n|---||||| 181 $ctxt 182 $cc 183 $acr 200 10$aHannah's desire, God's design$b[electronic resource] $eearly interpretations of the story of Hannah /$fJoan E. Cook 210 $aSheffield, England $cSheffield Academic Press$dc1999 215 $a1 online resource (137 p.) 225 1 $aJournal for the study of the Old Testament. Supplement series ;$v282 300 $aDescription based upon print version of record. 311 $a1-85075-909-X 320 $aIncludes bibliographical references and indexes. 327 $aContents; Acknowledgments; Abbreviations; Chapter 1 INTRODUCTION; Chapter 2 HANNAH IN 1 SAMUEL; Chapter 3 PSEUDO-PHILO'S STORY OF HANNAH IN BIBLICAL ANTIQUITIES; Chapter 4 THE SONG OF HANNAH IN TARGUM OF THE PROPHETS; Chapter 5 LUKE'S INFANCY NARRATIVE; Chapter 6 DESIRE AND DESIGN; Bibliography; Index of References; Index of Authors 330 $aThis study analyses the biblical personage Hannah as a literary entity, to illustrate her uniquely significant place in the traditions of Israel as the mother of Samuel and thus of the reform of the priesthood, the creation of the monarchy, and the teacher of all Israel. There are three interweaving themes: first, the literary issue of the barren mother type scene; second, the theological theme of divine guidance and human initiative; and third, the perspectives of early biblical interpretation. The study develops around four works: the Hannah narrative in 1 Samuel 1-2, Pseudo-Philo's Biblical 410 0$aJournal for the study of the Old Testament.$pSupplement series ;$v282. 606 $aWomen in the Bible 606 $aChildlessness in the Bible 615 0$aWomen in the Bible. 615 0$aChildlessness in the Bible. 676 $a221.92 676 $a222.4092 700 $aCook$b Joan E$0956550 801 0$bMiAaPQ 801 1$bMiAaPQ 801 2$bMiAaPQ 906 $aBOOK 912 $a9910782265903321 996 $aHannah's desire, God's design$93680985 997 $aUNINA LEADER 01470nas 2200445-a 450 001 9910219895103321 005 20240413021915.0 035 $a(CKB)110975946727663 035 $a(CONSER)---85642821- 035 $a(EXLCZ)99110975946727663 100 $a20760524a19769999 -b- a 101 0 $aeng 181 $ctxt$2rdacontent 182 $cc$2rdamedia 183 $acr$2rdacarrier 200 00$aEducational research quarterly $eERQ 210 $a[Los Angeles] $cU.S.C. School of Education$d1976- 215 $a1 online resource 300 $aRefereed/Peer-reviewed 300 $aTitle from cover. 311 08$aPrint version: Educational research quarterly : 0196-5042 (DLC) 85642821 (OCoLC)2191274 517 3 $aERQ 531 $aEDUC RES QUART 531 0 $aEduc. res. q. 606 $aEducation$xResearch$vPeriodicals 606 $aÉducation$xRecherche$vPériodiques 606 $aEducation$xResearch$2fast$3(OCoLC)fst00902743 608 $aPeriodicals.$2fast 608 $aPeriodicals.$2lcgft 615 0$aEducation$xResearch 615 6$aÉducation$xRecherche 615 7$aEducation$xResearch. 676 $a370/.7/8 712 02$aUniversity of Southern California.$bSchool of Education. 712 02$aGrambling State University.$bDepartment of Educational Leadership. 906 $aJOURNAL 912 $a9910219895103321 920 $aexl_impl conversion 996 $aEducational research quarterly$91971109 997 $aUNINA